|
|
|
|
| LEADER |
00000nab#a22000007a#4500 |
| 001 |
arbauad036470 |
| 003 |
AR-BaUAD |
| 005 |
20250711112859.0 |
| 008 |
990419|||||||||###||||||b###|0###a|spa|| |
| 040 |
|
|
|a AR-BaUAD
|c AR-BaUAD
|b spa
|
| 245 |
1 |
0 |
|a Edificio de Tribunales del Condado de Wellington Guelph
|
| 300 |
0 |
|
|b cortes, fot., plantas, vistas
|
| 653 |
|
|
|a RECICLAJE
|
| 653 |
|
|
|a REFUNCIONALIZACION ARQUITECTONICA
|
| 773 |
0 |
|
|t SUMMARIOS
|g no. 67, p. 19-20
|
| 942 |
|
|
|c ARTI
|
| 952 |
|
|
|0 0
|1 0
|4 0
|7 0
|9 81389
|a AR-BAuAD
|b AR-BAuAD
|d 2025-07-11
|l 0
|p AAQA036470
|r 2025-07-11 11:28:59
|w 2025-07-11
|y ARTI
|
| 990 |
|
|
|a AQ199
|b TD
|
| 998 |
|
|
|a AAQ
|b BIBUN76
|
| 999 |
|
|
|c 61062
|d 61062
|